000 00616nam a2200205Ia 4500
003 OSt
005 20230427104809.0
008 210423s2007 xx 000 0 und d
020 _a8130904667
040 _cAL
041 _aeng
082 _a820.9 BLOV
_223
100 _aBLOOM (Harold),Ed
_993773
245 _aViva modern critical interpretations Geoffrey Chaucer's the pardoner's tale
260 _aNew Delhi
_bViva Books Pvt Ltd
_c2007
300 _avii,177
_bPB
365 _b125
_cINR
906 _aChaucer ; critical ; Geoffrey ; interpretations ; modern ; pardoner ; s ; tale ; Viva
942 _2ddc
_cBK
999 _c161776
_d161776